000 00745nam a2200241Ia 4500
003 OSt
005 20220928113718.0
006 a|||||r|||| 00| 0
007 ta
008 220927b |||||||| |||| 00| 0 eng d
024 _a27131
037 _cReference Collections
040 _aSDCL
_cSDCL
_beng
041 _2eng
_aeng
082 _aO-973nN35, M6 RR
100 _aLudwig Richard M Ed.
_9434648
245 0 _aAnnals of American literature 1602-1983.
260 _aNew York
_b Oxford University Press
_c1986
300 _avii,342p
_ccm.
700 _a Nault Clifford Ed.
_9434649
942 _hO-973nN35, M6 RR
_cREF
_2CC
999 _c750950
_d750950